000 01511nam a22002177a 4500
005 20230313141546.0
008 230302b ||||| |||| 00| 0 eng d
020 _a9780387483436
040 _cAL
041 _aeng
082 _223
_a338.476606
_bPATH
100 _aHolger Patzelt
_973851
245 _aHandbook of Bioentrepreneurship
260 _aUSA
_bSpringer
_c2008
300 _axiii,294p.
_bHB
_c23x14cm.
365 _2General
_aKavery Books
_b₹13814.00
_c
_d₹18419.00
_e25%
_f20/02/2023
520 _aProviding an important and timely overview of research on the exciting area of entrepreneurship in biotechnology, The Handbook of Bioentrepreneurship examines one of the most promising industries of the 21st century. While genetically engineered food and biopharmaceuticals have made biotechnology part of our everyday life, starting a bioventure is among the most complex and risky entrepreneurial tasks given long development cycles, high technological and market uncertainty, and high capital intensity. Providing unparalleled in-depth and detailed analysis, this Handbook sheds light on business models and strategies, financing, cooperation networks between firms and universities, among other issues. With new developments in biotechnology increasingly in the news, this is an important source for readers interested in public policy, entrepreneurship, and business in the 21st century.
650 _2Production
_aProduction
_975212
700 _aBrenner Thomas
_973852
942 _2ddc
_cBK
999 _c226868
_d226868